000 00478cam a22002054a 4500
005 20250605164259.0
008 250528s ||||||||||||||||||||||||d
035 _a22014
020 _a9780750686563
040 _aGR-AtMCL
_bgre
_dGR-AtMCL
_eAACR2
245 1 _aBUSINESS PROCESS MANAGEMENT
250 _a2
260 _bBH,
_c2008
300 _a467
700 1 _aJeston John
_97886
700 1 _aNelis Johan
_97887
942 _cBK
999 _c7070
_d7070